000 00293nam a22001337a 4500
008 171027b xxu||||| |||| 00| 0 eng d
020 _a0030595932
041 _aeng
080 _23RD
_a336
100 _a55
101 _aMEN
245 _aFINANCIAL MANAGEMENT
_cBRIGHAM,E.E
942 _2udc
_cBK
999 _c35991
_d35991